越南行政区划 Administrative Divisions of Viet Nam - Statistics

General Stats
  • This quiz has been taken 18 times
  • The average score is 22 of 64
Answer Stats
地区 一级行政区 % Correct
红河三角洲地区 河内市
100%
东南部地区 胡志明市
100%
中北沿海地区 承天-顺化省
85%
东北地区 太原省
77%
红河三角洲地区 河南省
77%
中南沿海地区 岘港市
77%
东北地区 老街省
69%
红河三角洲地区 海防市
69%
西北地区 山萝省
54%
东南部地区 西宁省
54%
西北地区 奠边府省
46%
东北地区 高平省
46%
东北地区 谅山省
46%
中北沿海地区 义安省
46%
湄公河三角洲地区 芹苴市
46%
湄公河三角洲地区 金瓯省
46%
西北地区 莱州省
38%
西北地区 和平省
38%
东北地区 广宁省
38%
红河三角洲地区 南定省
38%
中北沿海地区 河静省
38%
中北沿海地区 广平省
38%
中南沿海地区 广义省
38%
中部高原地区 林同省
38%
东南部地区 巴地-头顿省
38%
东北地区 宣光省
31%
东北地区 河江省
31%
东北地区 北件省
31%
东北地区 北江省
31%
红河三角洲地区 永福省
31%
红河三角洲地区 河西省
31%
中北沿海地区 清化省
31%
中南沿海地区 广南省
31%
中南沿海地区 平定省
31%
中南沿海地区 平顺省
31%
中部高原地区 昆嵩省
31%
东北地区 安沛省
23%
东北地区 富寿省
23%
红河三角洲地区 宁平省
23%
红河三角洲地区 北宁省
23%
红河三角洲地区 海阳省
23%
中南沿海地区 宁顺省
23%
中部高原地区 嘉莱省
23%
中部高原地区 多乐省
23%
东南部地区 平福省
23%
湄公河三角洲地区 同塔省
23%
湄公河三角洲地区 安江省
23%
红河三角洲地区 太平省
15%
红河三角洲地区 兴安省
15%
中北沿海地区 广治省
15%
中南沿海地区 富安省
15%
中南沿海地区 庆和省
15%
东南部地区 同奈省
15%
东南部地区 平阳省
15%
湄公河三角洲地区 隆安省
15%
湄公河三角洲地区 前江省
15%
湄公河三角洲地区 茶荣省
15%
湄公河三角洲地区 永隆省
15%
湄公河三角洲地区 后江省
15%
湄公河三角洲地区 朔庄省
15%
湄公河三角洲地区 薄寮省
15%
湄公河三角洲地区 建江省
15%
中部高原地区 达农省
8%
湄公河三角洲地区 槟知省
8%
No matching quizzes found
Score Distribution
Percent of People with Each Score
Percentile by Number Answered
Your Score History
You have not taken this quiz